| 000 | 00954cab a2200289 4500 | ||
|---|---|---|---|
| 001 | WB3239-24 | ||
| 008 | 090401t1996 xxu||||| |||| 00| 0 eng d | ||
| 035 | _a(Sirsi) u27382 | ||
| 041 | _aeng | ||
| 245 | _aNew property lending index | ||
| 260 | _c1996 | ||
| 350 | _a0 | ||
| 490 |
_aProperty Week _v57(3) 18 October 1996, 14(1) |
||
| 520 | _aProperty Week and Kingfisher Property Finance are to launch a quarterly index from November 1996 that will measure the amount that can be borrowed on commercial property, by reference to investment yields and interest rates. | ||
| 650 | _aBORROWING | ||
| 650 | _aINTEREST RATES | ||
| 650 | _aINVESTMENT YIELDS | ||
| 650 | _aKINGFISHER PROPERTY FINANCE | ||
| 650 | _aLENDING | ||
| 650 | _aPROPERTY FINANCE | ||
| 650 | _aPROPERTY INDEXES | ||
| 650 | _aPROPERTY LENDING | ||
| 650 | _aPROPERTY WEEK | ||
| 690 | _aPROPERTY-PROPERTY FINANCE AND INVESTMENT | ||
| 942 | _n0 | ||
| 948 | _c04/03/1997 | ||
| 999 |
_c18427 _d18427 |
||